Paroles : La Sarthoise, Swindle - Statistiques

Statistiques générales
  • Ce quiz a été pris 14 fois
    13 depuis la dernière actualisation
  • Le résultat moyen est 176 sur 254
Statistiques - réponses
Paroles % Correct
de
100%
De
100%
le
100%
Le
100%
ma
100%
à
92%
A
92%
la
92%
La
92%
les
92%
nous
92%
Nous
92%
ou
92%
92%
Sarthe
92%
Sarthois
92%
au
83%
Bou
83%
ça
83%
colère
83%
du
83%
en
83%
est
83%
liberté
83%
Libre
83%
nos
83%
père
83%
rugit
83%
se
83%
Sur
83%
te
83%
terre
83%
armes
75%
Aux
75%
bras
75%
campagnes
75%
combattants
75%
Dans
75%
dans
75%
frapper
75%
l'ennemi
75%
me
75%
ne
75%
par
75%
porte
75%
Quand
75%
Qui
75%
sommes
75%
Sommes
75%
tend
75%
vent
75%
villageois
75%
clameur
67%
Conlie
67%
enfants
67%
et
67%
Et
67%
grand
67%
il
67%
J'ai
67%
Je
67%
je
67%
l'avenir
67%
l'on
67%
Mamers
67%
Mans
67%
même
67%
pas
67%
peur
67%
pour
67%
temps
67%
Un
67%
vient
67%
Car
58%
colline
58%
coule
58%
depuis
58%
fourches
58%
J'entends
58%
jour
58%
lèvent
58%
long
58%
longtemps
58%
marcher
58%
portée
58%
prise
58%
reviendra
58%
rillette
58%
rumeur
58%
sève
58%
s'exclamant
58%
soleil
58%
s'ra
58%
Tours
58%
trop
58%
Beaumont
50%
bouff'rez
50%
d'Angers
50%
Diou
50%
éternelle
50%
l'église
50%
l'Orne
50%
notre
50%
on
50%
pères
50%
rêve
50%
soit
50%
s'organise
50%
vers
50%
vous
50%
Vous
50%
baïonnettes
42%
coups
42%
d'un
42%
nouveau
42%
Qu'il
42%
belle
33%
cadavres
33%
Domfront
33%
l'envahisseur
33%
libérée
33%
mais
33%
Martyrisée
33%
monde
33%
plus
33%
rivière
33%
spoliée
33%
verra
33%
accent
25%
Brisée
25%
climat
25%
corps
25%
délivrerons
25%
dire
25%
douce
25%
joie
25%
Librou
25%
passer
25%
tempérament
25%
Ton
25%
ton
25%
vivre
25%
cette
17%
dois
17%
laisser
17%
Sarthou
17%
toi
17%
Tout
17%
vies
17%
y
17%
C'est
8%
Pourquoi
8%
Puissions
8%
ravit
8%
Aucun quiz correspondant
Distribution des résultats
% des personnes avec chaque résultat
Percentile par nombre de réponses
Votre historique - résultats
Vous n’avez pas pris ce quiz depuis la dernière actualisation